| 000 | 01166cam a2200277 a 4500 | ||
|---|---|---|---|
| 005 | 20160621083449.0 | ||
| 008 | 030827s2000 ck a r 00010 spa d | ||
| 020 | _a9589687830 | ||
| 040 |
_ala _cla _dCO-BoIAVH |
||
| 041 | 0 | _aspa | |
| 044 | _ack | ||
| 082 | 0 | 4 |
_a633.84 _bA74a |
| 100 | 1 |
_aArias García, Juan Carlos _eautor |
|
| 245 | 1 | 3 |
_aEl ají historia, diversidad y uso : _bcartilla etnobotánica / _cJuan Carlos Arias García, Luz Marina Melgarejo Muñoz ; fotógrafos Juan Carlos Arias García, Fernando Rodríguez Barreneche. |
| 260 |
_aBogotá : _bInstituto Amazónico de Investigaciones Científicas : _bMinisterio del Medio Ambiente, _c2000. |
||
| 300 |
_a38 páginas : _bilustraciones ; _c17 x 25 cm. |
||
| 504 | _aIncluye referencias bibliográficas e índice. | ||
| 650 | 2 | 4 |
_aAjí _xHistoria |
| 650 | 2 | 4 |
_aAjí _xClasificación |
| 650 | 2 | 4 |
_aAjí _xUsos |
| 650 | 2 | 4 |
_aAjí _x Descripción. |
| 700 | 1 |
_aMelgarejo Muñoz, Luz Marina _d1965- _eautor |
|
| 700 | 1 |
_aArias García, Juan Carlos _eilustrador |
|
| 700 | 1 |
_aRodríguez Barreneche, Fernando, _eilustrador |
|
| 942 |
_2ddc _cLIBRO |
||
| 999 |
_c2236 _d2236 |
||